000 00739nam0a22002531 4500
001 rc\520749
005 20250621115553.0
010 _a5-319-00091-X
_950000
035 _a(NLR Aleph) 005759824
090 _a4929024
_c4929024
100 _a20030616d1988 |||y0rusy50 ca
101 0 _arus
102 _aRU
105 _aa |||||||||
200 1 _aВаше свободное время
210 _aКиев
_cПолитиздат Украины
_d1988
215 _a205, [2] с.
_cил.
_d17
320 _aБиблиогр. в примеч.: с. 202-206
700 1 _aПича
_bВ.М.
_gВладимир Маркович
801 0 _aRU
_bNLR
_gpsbo
801 1 _aRU
_bELAR
_2rusmarc
852 _aNLR
_j88-2/548
942 _cBOOK
980 _aNB